000 nam a22 7a 4500
999 _c52754
_d52754
003 OSt
005 20220702103419.0
008 220702b xxu||||| |||| 00| 0 eng d
040 _cIIMT UNIVERSITY MEERUT
100 _aSASTRY , J.L.N
245 _aA TEXT BOOK OF DRAVYA GUNA VIJNANA
250 _a1 ST
260 _aVARANASI
_bCHAUKHAMBA
_c2019
300 _a373
942 _2ddc
_c01